000 02322nam a2200373 a 4500
001 eep9781847206831
003 DLC
005 20210215104137.0
006 m o d
007 cr un|||||||||
008 061228s2007 enka ob 001 0 eng d
010 _a 2006101922
020 _a9781847206831 (e-book)
040 _aDLC
_cDLC
_dBAKER
_dBTCTA
_dUKM
_dYDXCP
_dBWKUK
_dBWK
_dDLC
050 4 _aHD2741
_b.C77656 2007
082 0 0 _a658.4/08
_222
245 0 0 _aCorporate governance of sustainability
_h[electronic resource] :
_ba co-evolutionary view on resource management /
_cedited by Raimund Bleischwitz.
260 _aCheltenham ;
_aNorthampton, Mass. :
_bEdward Elgar,
_cc2007.
300 _a1 online resource (viii, 279 p.) :
_bill.
490 1 _aESRI studies series on the environment
504 _aIncludes bibliographical references (p. 246-267) and index.
505 0 _apt. 1. Analysing corporate governance of sustainability : insights from research and policy analysis -- pt. 2. Network analysis and evaluation -- pt. 3. Case-studies on sustainability at the meso-level -- pt. 4. Conclusions.
520 _aThis book considers corporate governance of sustainability from a co-evolutionary perspective. It explores the linkages between pro-active approaches at the corporate level, market-based incentives and environmental networks involving various actors. Relevant theory on corporate governance, competition, market failures and regulatory tools is also examined. The authors go on to present an assessment methodology suitable for empirical network analysis at the meso-level, and demonstrate its application using eight case studies. Based on the findings of this research Raimund Bleischwitz and his team draw important conclusions for policy analysis and sustainability assessments and the actors involved.
650 0 _aCorporate governance.
650 0 _aCorporate governance
_vCase studies.
650 0 _aSustainable development.
650 0 _aSustainable development
_vCase studies.
655 7 _aElectronic books.
_2lcsh
700 1 _aBleischwitz, Raimund.
710 2 _aEdward Elgar Publishing.
776 1 _z1847202284 (hardcover)
_z9781847202284 (hardback)
830 0 _aESRI studies series on the environment.
856 4 0 _uhttps://www.elgaronline.com/view/9781847202284.xml
999 _c28719
_d28719